| 000 | 00674cam a22002054a 4500 | ||
|---|---|---|---|
| 020 | _a0821356674 | ||
| 040 | _cDLC | ||
| 082 | 0 | 0 | _a382 WOR 2004 A074 Or. |
| 245 | 0 | 0 |
_aChina and the WTO : _baccession, policy reform, and poverty reduction strategies / |
| 260 |
_aWashington, DC: _bWorld Bank ; _a[Oxford] : _bOxford University Press, _cc2004. |
||
| 300 |
_axiv, 334 p. : _bill. ; _c28 cm. |
||
| 650 | 0 | _aForeign trade regulation | |
| 650 | 0 | _aAgriculture and state | |
| 650 | 0 | _aPoverty | |
| 700 | 1 | _aBhattasali, Deepak. | |
| 700 | 1 | _aLi, Shantong. | |
| 700 | 1 | _aMartin, Will, | |
| 856 | 4 | 2 | _uhttp://www.loc.gov/catdir/enhancements/fy0617/2004044097-d.html |
| 942 | _cEK | ||
| 999 |
_c15061 _d15061 |
||